00892nam a2200241 a 450000100100000000500170001000800410002704000250006808200220009310000400011524500640015525000110021926000300023030000260026049000180028650000320030465000270033665000310036383000340039404900150042895201900044399900170063300004019320201002033956.0100709s1967 sp 001 0 spa d aDO-SdBNPbspacBNPHU a862.5bZ88d, 19671 aZorrilla, José,d1817-1893.9493910aDon Juan Tenorio :bel puñal del Godo /cJosé Zorrilla. a7a ed. aMadrid :bAustral,c1967. a177 [16] p. ;c18 cm.1 aAustral.v180 aIncluye índice de autores 4aTeatro español93071 4aLiteratura española9632 0aAustral.pVioletav180942616 aEn proceso 0010507-18MOaGRbGRcOId2013-08-14iLF1l0o862.5 Z88d, 1967p40193-10r2020-06-25w2020-06-25y1zPerteneció a la biblioteca personal de Carlos Larrazabal BlancoZNo se presta c39683d39683